Principles of sociology (Record no. 394561)

MARC details
000 -LEADER
fixed length control field 00486 a2200193 4500
005 - DATE & TIME
control field 20260210111001.0
008 - FIXED-LENGTH DATA ELEMENTS--GENERAL INFORMATION
fixed length control field 260206b |||||||| |||| 00| 0 eng d
020 ## - ISBN
International Standard Book Number 9789363985551
Price Rs. 2595.00
040 ## - CATALOGING SOURCE
Original cataloging agency VIVEKANANDA LIBRARY
082 ## - DDC NUMBER
Classification number 301
Book Number G36P9(3)
100 ## - MAIN ENTRY--PERSONAL NAME
Personal name Gidding, Franklin Henry
245 ## - TITLE STATEMENT
Title Principles of sociology
250 ## - EDITION STATEMENT
Edition statement 3rd
260 ## - PUBLICATION, DISTRIBUTION, ETC. (IMPRINT)
Name of publisher, distributor, etc Nation Press
Date of publication, distribution, etc 2026
Place of publication, distribution, etc New Delhi
300 ## - PHYSICAL DESCRIPTION
Pages xxvi, 476
650 ## - Subject
Subject Sociology
650 ## - Subject
Subject Social Organization
942 ## - ADDED ENTRY ELEMENTS (KOHA)
Koha item type Books
Holdings
Withdrawn status Lost status Source of classification or shelving scheme Damaged status Not for loan Location (home branch) Sublocation or collection (holding branch) Shelving location Date acquired Koha issues (times borrowed) Koha full call number Accession No. Koha date last seen Koha item type
    Dewey Decimal Classification     VIVEKANANDA LIBRARY VIVEKANANDA LIBRARY Vivekananda Library 27/01/2026   301 G36P9(3) 444342 27/01/2026 Books
© Designed and Maintained by Vivekananda Library, MDU Rohtak